Uganda Clinical Guidelines 2016: national guidelines for management of common conditions (Record no. 6741)

MARC details
000 -LEADER
fixed length control field 00555nam a22001817a 4500
003 - CONTROL NUMBER IDENTIFIER
control field OSt
005 - DATE AND TIME OF LATEST TRANSACTION
control field 20200311125514.0
008 - FIXED-LENGTH DATA ELEMENTS--GENERAL INFORMATION
fixed length control field 200311b ||||| |||| 00| 0 eng d
040 ## - CATALOGING SOURCE
Transcribing agency DNLM
082 ## - DEWEY DECIMAL CLASSIFICATION NUMBER
Classification number WA525 M664u 2016
100 ## - MAIN ENTRY--PERSONAL NAME
Personal name Ministry of Health
9 (RLIN) 13834
245 ## - TITLE STATEMENT
Title Uganda Clinical Guidelines 2016: national guidelines for management of common conditions
260 ## - PUBLICATION, DISTRIBUTION, ETC. (IMPRINT)
Place of publication, distribution, etc. Kampala;
Name of publisher, distributor, etc. M.O.H,
Date of publication, distribution, etc. 2016
300 ## - PHYSICAL DESCRIPTION
Extent xxiii, 1118p;
Other physical details Some col.ill:
Dimensions 17cm
504 ## - BIBLIOGRAPHY, ETC. NOTE
Bibliography, etc Appendices, & index included
650 ## - SUBJECT ADDED ENTRY--TOPICAL TERM
Topical term or geographic name as entry element Clinical guidelines
9 (RLIN) 13835
942 ## - ADDED ENTRY ELEMENTS (KOHA)
Source of classification or shelving scheme Other/Generic Classification Scheme
Koha item type Short Loan
Holdings
Withdrawn status Lost status Source of classification or shelving scheme Damaged status Not for loan Home library Current library Date acquired Source of acquisition Inventory number Total Checkouts Full call number Barcode Date last seen Koha item type Public note
    Other/Generic Classification Scheme     MUST Main Library MUST Main Library 11/03/2020 Donation 20/41161   WA525 M664u 2016 2020-0682 11/03/2020 Open Shelf NO BORROWING
    Other/Generic Classification Scheme     MUST Main Library MUST Main Library 11/03/2020 Donation 20/41162   WA525 M664u 2016 2020-0683 11/03/2020 Open Shelf  
    Other/Generic Classification Scheme     MUST Main Library MUST Main Library 11/03/2020 Donation 20/41163   WA525 M664u 2016 2020-0684 11/03/2020 Short Loan  
    Other/Generic Classification Scheme     MUST Main Library MUST Main Library 11/03/2020 Donation 20/41164   WA525 M664u 2016 2020-0685 11/03/2020 Short Loan